|
|
|
|
| LEADER |
00892nta a2200205 i 4500 |
| 001 |
dipl134244 |
| 005 |
20230914104910.0 |
| 008 |
230802s2022 hu om 0|| hun d |
| 040 |
|
|
|a SZTE Diploma Repozitórium
|b hun
|
| 041 |
|
|
|a hun
|
| 100 |
1 |
|
|a Szabó Vivien
|
| 245 |
1 |
3 |
|a Az üveg nem törhetetlen!
|h [elektronikus dokumentum] :
|b nők döntéshozatali pozícióba való jutását befolyásoló tényezők vizsgálata /
|c Vivien Szabó
|
| 246 |
1 |
0 |
|a The glass is not unbreakable! : examining the factors influencing the entry of women stepping into decision-making positions
|h [elektronikus dokumentum]
|
| 260 |
|
|
|c 2022
|
| 650 |
|
4 |
|a Gazdaságtudományok
|
| 650 |
|
4 |
|a Social sciences
|
| 650 |
|
4 |
|a Economics and business
|
| 650 |
|
4 |
|a Economics, econometrics
|
| 700 |
1 |
|
|a Farkas Gergely
|e ths
|
| 856 |
4 |
0 |
|u https://diploma.bibl.u-szeged.hu/id/eprint/134244/1/2022_szabo_vivien.pdf
|z Dokumentum-elérés
|